Statistics for Shapes of Mediterranean Sea Countries Quiz

Click here to take the quiz!

General Stats

  • This quiz has been taken 13,700 times
  • The average score is 17 of 21

Answer Stats

Answer % Correct
Italy
98%
Spain
97%
Greece
97%
Egypt
96%
France
96%
Turkey
92%
Croatia
91%
Cyprus
91%
Morocco
90%
Libya
88%
Israel
87%
Algeria
81%
Tunisia
76%
Malta
73%
Bosnia and Herzegovina
70%
Albania
69%
Syria
68%
Lebanon
66%
Monaco
64%
Montenegro
59%
Slovenia
57%

Score Distribution

Percentile by Number Answered

Percent of People with Each Score

Your Score History

You have not taken this quiz